书目信息 |
| 题名: |
攀西地区金属矿山尾矿资源化综合利用
|
|
| 作者: | 周家云 编著 | |
| 分册: | ||
| 出版信息: | 武汉 中国地质大学出版社 2021 |
|
| 页数: | 135页 | |
| 开本: | 30cm | |
| 丛书名: | ||
| 单 册: | ||
| 中图分类: | TD926.4 , TD9 | |
| 科图分类: | ||
| 主题词: | 金属矿--尾矿资源--综合利用--西南地区 , 选矿 | |
| 电子资源: | ||
| ISBN: | 978-7-5625-5030-3 | |
| 000 | 01400nam0 2200277 450 | |
| 001 | 2260076673 | |
| 005 | 20220920164159.52 | |
| 010 | @a978-7-5625-5030-3@dCNY88.00 | |
| 100 | @a20210820d2021 em y0chiy50 ea | |
| 101 | 0 | @achi |
| 102 | @aCN@b420000 | |
| 105 | @aab az 000yy | |
| 200 | 1 | @a攀西地区金属矿山尾矿资源化综合利用@9pan xi di qu jin shu kuang shan wei kuang zi yuan hua zong he li yong@f周家云[等]编著 |
| 210 | @a武汉@c中国地质大学出版社@d2021 | |
| 215 | @a135页@c图,地图@d30cm | |
| 300 | @a中国地质调查成果CGS 2021-018 “攀西地区多金属矿产资源集中开采区地质环境调查”(DD20160337) 项目资助 | |
| 304 | @a编著还有:毛益林、邓杰、罗丽萍、邓冰 | |
| 320 | @a有书目 (第132-135页) | |
| 330 | @a本书是中国地质调查局地质调查“攀西地区多金属矿产资源集中开采区地质环境调查”项目的研究成果。本书以近年来中国地质科学院矿产综合利用研究所在攀西地区开展的矿山地质环境调查成果为基础,综合应用野外调查、工艺矿物学研究、选冶实验和技术经济评价等方法,针对攀西地区巨量堆存的尾矿,研发典型金属尾矿的有用组分回收、整体利用、尾矿重金属元素固化、尾矿水回收与净化等工艺,集成尾矿“减-固-治”的阻断治理技术体系,为长江上游生态屏障区地质环境治理与修复提供了一条技术合理、经济可行的技术方法。 | |
| 606 | 0 | @a金属矿@x尾矿资源@x综合利用@y西南地区 |
| 606 | 0 | @a选矿 |
| 690 | @aTD926.4@v5 | |
| 690 | @aTD9@v4 | |
| 701 | 0 | @a周家云@9zhou jia yun@4编著 |
| 801 | 0 | @aCN@b91MARC@c20211015 |
| 905 | @aZUCC@dTD9@e1 | |
| 攀西地区金属矿山尾矿资源化综合利用/周家云[等]编著.-武汉:中国地质大学出版社,2021 |
| 135页:图,地图;30cm |
| 中国地质调查成果CGS 2021-018 “攀西地区多金属矿产资源集中开采区地质环境调查”(DD20160337) 项目资助 |
| ISBN 978-7-5625-5030-3:CNY88.00 |
| 本书是中国地质调查局地质调查“攀西地区多金属矿产资源集中开采区地质环境调查”项目的研究成果。本书以近年来中国地质科学院矿产综合利用研究所在攀西地区开展的矿山地质环境调查成果为基础,综合应用野外调查、工艺矿物学研究、选冶实验和技术经济评价等方法,针对攀西地区巨量堆存的尾矿,研发典型金属尾矿的有用组分回收、整体利用、尾矿重金属元素固化、尾矿水回收与净化等工艺,集成尾矿“减-固-治”的阻断治理技术体系,为长江上游生态屏障区地质环境治理与修复提供了一条技术合理、经济可行的技术方法。 |
| ● |
| 相关链接 |
|
|
|
正题名:攀西地区金属矿山尾矿资源化综合利用
索取号:TD9/1
 
预约/预借
| 序号 | 登录号 | 条形码 | 馆藏地/架位号 | 状态 | 备注 |
| 1 | 2000899206 | 2000899206 | 第三书库/ [索取号:TD9/1] | 在馆 | |
| 2 | 2000899207 | 2000899207 | 第三书库/ [索取号:TD9/1] | 在馆 | |
| 3 | 2000899208 | 2000899208 | 第三书库/ [索取号:TD9/1] | 在馆 |